[Event "Wch U08 Girls"]
[Site "Montesilvano"]
[Date "2024.11.25"]
[Round "10"]
[White "Nguyen, Vu Bao Chau"]
[Black "Volkova, Varvara1"]
[Result "0-1"]
[WhiteElo "1541"]
[BlackElo "1478"]
[PlyCount "121"]
[EventDate "2024.11.15"]
[EventType "swiss"]
[EventRounds "11"]
[EventCountry "ITA"]
[SourceTitle "CB48_2024"]
[SourceDate "2024.11.28"]
[SourceVersion "1"]
[SourceVersionDate "2024.11.28"]
[SourceQuality "1"]

1. d4 d5 2. Bf4 Nf6 3. e3 c5 4. c3 Qb6 5. Qb3 c4 6. Qc2 Nc6 7. Nd2 g6 8. e4 e6 9. e5 Nh5 10. Bg5 h6 11. Bh4 g5 12. Bg3 Bd7 13. Be2 Ng7 14. b3 cxb3 15. axb3 Rc8 16. Qa2 a6 17. Ngf3 Nf5 18. 0-0 Be7 19. Rfc1 0-0 20. Ne1 Rc7 21. Bg4 Ng7 22. Nd3 h5 23. Bh3 h4 24. Bxh4 gxh4 25. g3 hxg3 26. Kh1 gxh2 27. Kxh2 f6 28. exf6 Rxf6 29. Rg1 Bd6+ 30. f4 Rh6 31. Ne5 Nxe5 32. fxe5 Rxc3 33. Nf3 Bf8 34. Qd2 Rxh3+ 35. Kxh3 Rxf3+ 36. Kh2 Qxb3 37. Qg2 Qe3 38. Rgf1 Rxf1 39. Rxf1 Qxd4 40. Qg5 Qb2+ 41. Kh1 Qe2 42. Qf6 Qh5+ 43. Kg2 Qe8 44. Rh1 Bc6 45. Rh6 Be7 46. Qf4 Qf8 47. Qh2 d4+ 48. Kg1 Qf3 49. Rh8+ Kf7 50. Qh3 Qxh3 51. Rxh3 b5 52. Kf2 a5 53. Ke2 a4 54. Kd3 b4 55. Kxd4 a3 56. Rh2 b3 57. Kc3 a2 58. Kb2 Bc5 59. Rh4 Nf5 60. Rh7+ Kg6 61. Rh1 0-1

[Event "Wch U08 Girls"]
[Site "Montesilvano"]
[Date "2024.11.22"]
[Round "7"]
[White "Narayani, Umesh Marathe"]
[Black "Nguyen, Vu Bao Chau"]
[Result "0-1"]
[WhiteElo "1412"]
[BlackElo "1541"]
[PlyCount "154"]
[EventDate "2024.11.15"]
[EventType "swiss"]
[EventRounds "11"]
[EventCountry "ITA"]
[SourceTitle "CB48_2024"]
[SourceDate "2024.11.28"]
[SourceVersion "1"]
[SourceVersionDate "2024.11.28"]
[SourceQuality "1"]

1. e4 c5 2. c3 d5 3. exd5 Qxd5 4. d4 Nf6 5. Nf3 e6 6. Be2 Nc6 7. 0-0 cxd4 8. cxd4 Be7 9. Nc3 Qd6 10. Be3 0-0 11. Qd2 b6 12. Rfd1 Bb7 13. Rac1 Rad8 14. a3 e5 15. dxe5 Nxe5 16. Qxd6 Bxd6 17. Nd4 Neg4 18. h3 Nxe3 19. fxe3 Bc5 20. b4 Bxd4 21. exd4 Rfe8 22. Bd3 Nh5 23. Ne2 Rc8 24. Bb5 Rxc1 25. Rxc1 Rc8 26. Rxc8+ Bxc8 27. g4 Nf6 28. Nf4 Bb7 29. Kf2 Ne4+ 30. Ke3 Nd6 31. Bd3 Kf8 32. Ne2 h6 33. Kf4 g5+ 34. Kg3 Be4 35. Nc1 Bxd3 36. Nxd3 Nb5 37. a4 Nxd4 38. Kf2 Ke7 39. Ke3 Nc6 40. Ke4 Ke6 41. b5 Ne7 42. Nc1 Nd5 43. Ne2 Nf6+ 44. Kd4 Nd7 45. Nc3 Nc5 46. Kc4 Ke5 47. a5 Ne4 48. axb6 axb6 49. Na4 Nd6+ 50. Kd3 Nxb5 51. Nxb6 Kf4 52. Nd5+ Kg3 53. Ne3 Kxh3 54. Kc4 Nd6+ 55. Kd5 Ne8 56. Ke5 f6+ 57. Kf5 Kg3 58. Ke4 Nd6+ 59. Kd3 Kf4 60. Ke2 f5 61. gxf5 Nxf5 62. Nxf5 Kxf5 63. Kf3 h5 64. Kg3 g4 65. Kg2 Kf4 66. Kf2 g3+ 67. Kg2 Kg4 68. Kg1 Kf3 69. Kf1 g2+ 70. Kg1 h4 71. Kh2 Kf2 72. Kh3 g1Q 73. Kxh4 Kf3 74. Kh5 Kf4 75. Kh6 Kf5 76. Kh7 Kf6 77. Kh8 Qg7# 0-1

[Event "Wch U08 Girls"]
[Site "Montesilvano"]
[Date "2024.11.19"]
[Round "5"]
[White "Xin, Stella"]
[Black "Nguyen, Vu Bao Chau"]
[Result "1-0"]
[WhiteElo "1739"]
[BlackElo "1541"]
[PlyCount "95"]
[EventDate "2024.11.15"]
[EventType "swiss"]
[EventRounds "11"]
[EventCountry "ITA"]
[SourceTitle "CB48_2024"]
[SourceDate "2024.11.28"]
[SourceVersion "1"]
[SourceVersionDate "2024.11.28"]
[SourceQuality "1"]

1. d4 d5 2. c4 c6 3. Nf3 Nf6 4. Nc3 e6 5. e3 Be7 6. Qc2 0-0 7. b3 Nbd7 8. Be2 b6 9. 0-0 Bb7 10. Bb2 c5 11. dxc5 bxc5 12. cxd5 Nxd5 13. Ne4 N5f6 14. Nxf6+ Bxf6 15. Rfd1 Bxb2 16. Qxb2 Qe7 17. Rd2 Rfd8 18. Rad1 Nf6 19. Ne5 Ne4 20. Rd7 Rxd7 21. Rxd7 Qh4 22. Rxf7 Rd8 23. g3 Nxg3 24. fxg3 Qe4 25. Nc6 Rd4 26. Rxb7 Qxe3+ 27. Kf1 Qe4 28. Rb8+ Kf7 29. Bh5+ g6 30. Qf2+ Qf5 31. Qxf5+ exf5 32. Nxd4 cxd4 33. Be2 Kg7 34. Rb7+ Kh6 35. Rxa7 g5 36. Bd3 Kg6 37. Ra6+ Kg7 38. Bxf5 Kf7 39. Bxh7 Kg7 40. Bd3 Kf7 41. b4 Ke7 42. b5 Kd7 43. Rc6 Ke7 44. b6 Kf7 45. b7 Ke7 46. b8Q Kf7 47. Qb7+ Kf8 48. Rc8# 1-0